000 00500nam a2200169Ia 4500
003 LK-CoDNM
008 010623t2001 xxu||||| |||| 00| 1 eng d
040 _aLK-CoDNM
_dLK-CoDNM
_eLK-CoDNM
041 _aeng
080 _a341.232.3
_bWEE
100 _aWeerakoon,Dushni Wijayasiri Janaka
245 _aRegional Economic Cooperation In South Asia : A Sri Lankan Perspective
260 _bInstitute Of Policy Studies
_aColombo
_c2001
300 _bp.48, 28 cm
650 _aEconomics
942 _cBK
999 _c120947
_d120947